000 01053nam a22001937a 4500
005 20120215114055.0
020 _a818689554x
_c70.00
082 _a
100 _aराव, संध्या
_942062
245 _aबगीचे में तूफ़ान /
_cसंध्या राव;अशोक राजगोपालन द्वारा चित्रांकित;सुषमा द्वारा अनुदित
_bसुनुसुनु घोंघा /
260 _aचैन्नई
_bतूलिका पब्लिशिंग
_c2009
270 _a13, पृथ्वी ऐवन्यु,अभिरमपुरम
_bचैन्नई
_e600018
300 _aअ.पृ
_bसचित्र
_c18सेमी (अजिल्द)
700 _aराजगोपालन, अशोक
_942026
700 _942032
_aसुषमा
700 _942037
942 _2ddc
_cCH
_h
_mरावसं
999 _c62825
_d62825